|
|
|
|
| LEADER |
00000nam0a2200000 4500 |
| 001 |
318894 |
| 005 |
20231102003126.0 |
| 035 |
|
|
|a (RuTPU)RU\TPU\book\344397
|
| 090 |
|
|
|a 318894
|
| 100 |
|
|
|a 20160511d1900 km y0rusy50 ca
|
| 101 |
0 |
|
|a rus
|
| 102 |
|
|
|a RU
|
| 105 |
|
|
|a ab z 000zy
|
| 200 |
1 |
|
|a Геологическое описание южной оконечности Ляо-дунского полуострова в пределах Квантунской области и ея месторождения золота
|f К. И. Богданович
|
| 210 |
|
|
|a Санкт-Петербург
|c Типография Императорской Академии наук
|d 1900
|
| 215 |
|
|
|a 236 с.
|c ил.
|
| 606 |
1 |
|
|a Геология
|y Азия
|2 stltpush
|3 (RuTPU)RU\TPU\subj\6112
|9 34071
|
| 606 |
1 |
|
|a Золото
|x Месторождения
|x Поиски и разведка
|2 stltpush
|3 (RuTPU)RU\TPU\subj\11859
|9 38745
|
| 610 |
1 |
|
|a геологическое описание
|
| 610 |
1 |
|
|a географические экспедиции
|
| 610 |
1 |
|
|a Порт-Артур
|
| 610 |
1 |
|
|a Китай
|
| 610 |
1 |
|
|a геологические очерки
|
| 610 |
1 |
|
|a орография
|
| 610 |
1 |
|
|a почвы
|
| 675 |
|
|
|a 55(5)
|v 4
|
| 675 |
|
|
|a 553.411(5)
|v 4
|
| 700 |
|
1 |
|a Богданович
|b К. И.
|
| 801 |
|
1 |
|a RU
|b 63413507
|c 20160511
|
| 801 |
|
2 |
|a RU
|b 63413507
|c 20200609
|g RCR
|
| 942 |
|
|
|c BK
|